[Event "EU-ch Union SCIPT 15th"]
[Site "Porto"]
[Date "2007.09.10"]
[Round "1"]
[White "Schmidt, Wlodzimierz"]
[Black "Magalotti, Andrea"]
[Result "1-0"]
[WhiteElo "2410"]
[BlackElo "2121"]
[PlyCount "75"]
[EventDate "2007.09.10"]
[EventType "team-swiss"]
[EventRounds "9"]
[EventCountry "POR"]
[SourceTitle "EXT 2016"]
[Source "ChessBase"]
[SourceDate "2015.10.08"]
[SourceVersion "1"]
[SourceVersionDate "2015.10.08"]
[SourceQuality "1"]

1. d4 Nf6 2. c4 c5 3. d5 e6 4. Nc3 exd5 5. cxd5 d6 6. Nf3 g6 7. Nd2 Bg7 8. e4 0-0 9. Be2 Re8 10. 0-0 Na6 11. Kh1 Nc7 12. a4 b6 13. f3 Rb8 14. Nc4 Ba6 15. Bg5 h6 16. Be3 Qd7 17. Qd2 Kh7 18. b3 Bxc4 19. bxc4 Na6 20. a5 Nb4 21. a6 Nh5 22. g4 Bxc3 23. Qxc3 Ng7 24. Bd1 f5 25. Ba4 Qe7 26. Bxe8 Rxe8 27. gxf5 gxf5 28. Rae1 fxe4 29. Bf4 Qh4 30. Bg3 Qh3 31. fxe4 Rxe4 32. Rf7 Rxe1+ 33. Qxe1 Qg4 34. Bxd6 Nd3 35. Qg1 Qe4+ 36. Qg2 Qe1+ 37. Rf1 Qc3 38. Qe4+ 1-0

[Event "Assisi op-A"]
[Site "Assisi"]
[Date "2006.02.04"]
[Round "4"]
[White "Magalotti, Andrea"]
[Black "Rombaldoni, Axel"]
[Result "0-1"]
[WhiteElo "2136"]
[BlackElo "2123"]
[PlyCount "86"]
[EventDate "2006.02.02"]
[EventType "swiss"]
[EventRounds "6"]
[EventCountry "ITA"]
[SourceTitle "EXT 2007"]
[Source "ChessBase"]
[SourceDate "2006.11.23"]
[SourceVersion "1"]
[SourceVersionDate "2006.11.23"]
[SourceQuality "1"]

1. Nf3 d5 2. c4 e6 3. b3 Nf6 4. Bb2 b6 5. g3 Bb7 6. Bg2 Nbd7 7. 0-0 c5 8. d3 Qc7 9. Nbd2 Be7 10. e3 0-0 11. Rc1 Rac8 12. Rc2 a6 13. Qa1 b5 14. Rfc1 Qa5 15. Ne5 Rfd8 16. f4 Nxe5 17. Bxe5 Ng4 18. Bxg7 Nxe3 19. Qe5 Ng4 20. Qe2 Nf6 21. Bh6 Qc7 22. cxb5 axb5 23. Re1 Re8 24. Bh3 Bf8 25. Bg5 Bg7 26. Nf3 c4 27. dxc4 bxc4 28. bxc4 dxc4 29. Ne5 Qb6+ 30. Kf1 c3 31. Bxf6 Ba6 32. Nd3 Bxf6 33. Rd1 Red8 34. Ke1 Rxd3 35. Rxd3 Bxd3 36. Qxd3 Rd8 37. Qe2 Qb1+ 38. Kf2 Rb8 39. Ke3 Rb2 40. Kd3 Qxa2 41. Bg2 Qa6+ 42. Ke3 Bd4+ 43. Kf3 Qxe2+ 0-1

[Event "Assisi op-A"]
[Site "Assisi"]
[Date "2006.02.04"]
[Round "5"]
[White "Vincenzi, Marco"]
[Black "Magalotti, Andrea"]
[Result "0-1"]
[WhiteElo "2079"]
[BlackElo "2136"]
[PlyCount "70"]
[EventDate "2006.02.02"]
[EventType "swiss"]
[EventRounds "6"]
[EventCountry "ITA"]
[SourceTitle "EXT 2007"]
[Source "ChessBase"]
[SourceDate "2006.11.23"]
[SourceVersion "1"]
[SourceVersionDate "2006.11.23"]
[SourceQuality "1"]

1. e4 e5 2. Nf3 Nc6 3. Bb5 Nf6 4. 0-0 Nxe4 5. d4 exd4 6. Re1 d5 7. Nxd4 Bd6 8. g3 Qf6 9. f3 Bg4 10. Nxc6 bxc6 11. Bxc6+ Kf8 12. Kg2 Rd8 13. Be3 Be5 14. c3 Qxc6 15. Bd4 Bxd4 16. Qxd4 Bxf3+ 17. Kxf3 Ng5+ 18. Kg2 Ne6 19. Qb4+ Kg8 20. Nd2 d4+ 21. Nf3 Ng5 22. Rf1 Re8 23. Rf2 h6 24. Raf1 dxc3 25. Qxc3 Qb7 26. Re1 Kh7 27. Kf1 Rxe1+ 28. Kxe1 Re8+ 29. Kf1 Kg8 30. Qd3 Qc6 31. Qb3 g6 32. h4 Ne4 33. Ne5 Qe6 34. Rxf7 Nd2+ 35. Kf2 Nxb3 0-1

[Event "Cattolica op"]
[Site "Cattolica"]
[Date "2005.06.18"]
[Round "8"]
[White "Lucchi, Lorenzo"]
[Black "Magalotti, Andrea"]
[Result "0-1"]
[WhiteElo "1870"]
[BlackElo "2169"]
[PlyCount "50"]
[EventDate "2005.06.11"]
[EventType "swiss"]
[EventRounds "9"]
[EventCountry "ITA"]
[SourceTitle "EXT 2007"]
[Source "ChessBase"]
[SourceDate "2006.11.23"]
[SourceVersion "1"]
[SourceVersionDate "2006.11.23"]
[SourceQuality "1"]

1. e4 e5 2. Nf3 Nc6 3. d4 exd4 4. Nxd4 Bc5 5. Nxc6 Qf6 6. Qe2 Qxc6 7. Nc3 Ne7 8. Bf4 Bb4 9. Bd2 d6 10. Qh5 a6 11. f3 Be6 12. Bd3 0-0-0 13. a3 Bxc3 14. Bxc3 f6 15. a4 d5 16. Qh4 d4 17. Bb4 Ng6 18. Qg3 Qb6 19. Bd2 c5 20. f4 c4 21. f5 cxd3 22. cxd3 Ne5 23. fxe6 Qxe6 24. Rc1+ Kb8 25. Qxg7 Nxd3+ 0-1

[Event "Budapest Elo"]
[Site "Budapest"]
[Date "2001.??.??"]
[Round "2"]
[White "Berczes, David"]
[Black "Magalotti, Andrea"]
[Result "0-1"]
[WhiteElo "2115"]
[BlackElo "2168"]
[PlyCount "72"]
[EventDate "2001.??.??"]
[EventType "tourn"]
[EventRounds "13"]
[EventCountry "HUN"]
[SourceTitle "EXT 2002"]
[Source "ChessBase"]
[SourceDate "2001.11.25"]
[SourceVersion "1"]
[SourceVersionDate "2001.11.25"]
[SourceQuality "1"]

1. e4 e5 2. Nf3 Nc6 3. Bb5 Nf6 4. 0-0 Nxe4 5. d4 Nd6 6. Bxc6 dxc6 7. dxe5 Nf5 8. Qxd8+ Kxd8 9. Rd1+ Bd7 10. Ng5 Ke8 11. Nxf7 Kxf7 12. Rxd7+ Be7 13. Nc3 Rac8 14. Ne4 Ke6 15. Rd1 Rhd8 16. Bf4 Nd4 17. Bg3 Nxc2 18. Rac1 Nb4 19. a3 Nd3 20. Rb1 Nxb2 21. Rxd8 Rxd8 22. Nc3 Bxa3 23. Bf4 Rd3 24. Ne2 Rd1+ 25. Rxd1 Nxd1 26. Nd4+ Kd5 27. Nc2 Bb2 28. Nb4+ Kc4 29. Nc2 Kd5 30. Nb4+ Ke6 31. Nd3 Bd4 32. Bg3 g5 33. Kf1 c5 34. Ke2 Nc3+ 35. Kd2 Ne4+ 36. Ke2 c4 0-1

[Event "Budapest Elo"]
[Site "Budapest"]
[Date "2001.??.??"]
[Round "3"]
[White "Magalotti, Andrea"]
[Black "Szabo, Krisztian"]
[Result "0-1"]
[WhiteElo "2168"]
[BlackElo "2096"]
[PlyCount "48"]
[EventDate "2001.??.??"]
[EventType "tourn"]
[EventRounds "13"]
[EventCountry "HUN"]
[SourceTitle "EXT 2002"]
[Source "ChessBase"]
[SourceDate "2001.11.25"]
[SourceVersion "1"]
[SourceVersionDate "2001.11.25"]
[SourceQuality "1"]

1. e4 e6 2. d4 d5 3. Nd2 Nf6 4. e5 Nfd7 5. Bd3 c5 6. c3 Nc6 7. Ne2 cxd4 8. cxd4 f6 9. exf6 Nxf6 10. 0-0 Bd6 11. Nf3 0-0 12. Bg5 Bd7 13. Rc1 Qc7 14. Nc3 a6 15. Bb1 Be8 16. Re1 Bh5 17. Rxe6 Bxf3 18. Qxf3 Nxd4 19. Qh3 Nxe6 20. Qxe6+ Kh8 21. Qh3 Qf7 22. Nxd5 Ne4 23. Bf4 Ng5 24. Qd3 Bxf4 0-1

[Event "Budapest Elo+"]
[Site "Budapest"]
[Date "2001.??.??"]
[Round "1"]
[White "Magalotti, Andrea"]
[Black "Vass, Viktor"]
[Result "1-0"]
[WhiteElo "2168"]
[BlackElo "2158"]
[PlyCount "61"]
[EventDate "2001.??.??"]
[EventType "tourn"]
[EventRounds "13"]
[EventCountry "HUN"]
[SourceTitle "EXT 2002"]
[Source "ChessBase"]
[SourceDate "2001.11.25"]
[SourceVersion "1"]
[SourceVersionDate "2001.11.25"]
[SourceQuality "1"]

1. c4 e5 2. Nc3 Bb4 3. Nf3 Nc6 4. a3 Bxc3 5. bxc3 e4 6. Nd4 Ne5 7. d3 exd3 8. exd3 Nf6 9. Be2 0-0 10. 0-0 d5 11. cxd5 Nxd5 12. Bd2 Re8 13. Re1 Bd7 14. a4 c6 15. a5 Qc7 16. c4 Nf6 17. h3 h6 18. Bc3 Ng6 19. Nf3 Qd6 20. Qb3 Nf4 21. Bf1 N6h5 22. Ne5 Qc7 23. Re3 Be6 24. Qb2 Rad8 25. Rae1 Qc8 26. Ng4 Ng6 27. Be2 Nhf4 28. Bxg7 Bxg4 29. Bxg4 Rxe3 30. Rxe3 f5 31. Bxh6 1-0

[Event "EU-ch Union SCIPT"]
[Site "Balatonkenese"]
[Date "1999.??.??"]
[Round "1"]
[White "Magalotti, Andrea"]
[Black "Henriksen, Geir Ivar"]
[Result "1/2-1/2"]
[WhiteElo "2165"]
[BlackElo "2220"]
[PlyCount "144"]
[EventDate "1999.09.??"]
[EventType "swiss"]
[EventRounds "7"]
[EventCountry "HUN"]
[SourceTitle "EXT 2000"]
[Source "ChessBase"]
[SourceDate "1999.11.16"]
[SourceVersion "1"]
[SourceVersionDate "1999.11.16"]
[SourceQuality "1"]

1. e4 c5 2. Nf3 Nc6 3. d4 cxd4 4. Nxd4 Qc7 5. Nc3 e6 6. Be2 a6 7. 0-0 Nf6 8. Be3 Bb4 9. Na4 0-0 10. Nxc6 bxc6 11. Nb6 Rb8 12. Nxc8 Rfxc8 13. Bxa6 Rf8 14. Bd3 Bd6 15. f4 e5 16. f5 Rxb2 17. Rf3 Qa5 18. Kh1 Rxa2 19. Rc1 Ba3 20. Rb1 d5 21. Rg3 Kh8 22. Qf3 Be7 23. h3 Ra1 24. Rxa1 Qxa1+ 25. Kh2 Qa4 26. Bg5 Qd4 27. Qe3 Qxe3 28. Rxe3 Bc5 29. Re1 dxe4 30. Bc4 Nd5 31. Rxe4 f6 32. Bd2 Rb8 33. Bd3 Bd4 34. Re1 Kg8 35. Be4 Kf7 36. c4 Ne7 37. Rb1 Rxb1 38. Bxb1 Ke8 39. Be4 Kd7 40. g4 h6 41. Kg3 Bc5 42. Bd3 Nc8 43. Kf3 Nd6 44. h4 Bd4 45. g5 hxg5 46. hxg5 c5 47. gxf6 gxf6 48. Bh6 Kc7 49. Bf8 e4+ 50. Bxe4 Nxc4 51. Bd5 Nb6 52. Be6 c4 53. Ke4 Be5 54. Bc5 Na4 55. Bd4 Bxd4 56. Kxd4 Nb6 57. Bxc4 Nxc4 58. Kxc4 Kc6 59. Kd4 Kd6 60. Ke4 Kc5 61. Ke3 Kd5 62. Kd3 Ke5 63. Ke3 Kxf5 64. Kf3 Ke5 65. Ke3 f5 66. Kf3 f4 67. Kf2 Ke4 68. Ke2 f3+ 69. Kf2 Kf4 70. Kf1 Kg3 71. Kg1 f2+ 72. Kf1 Kf3 1/2-1/2

[Event "EU-ch Union SCIPT"]
[Site "Balatonkenese"]
[Date "1999.??.??"]
[Round "3"]
[White "Magalotti, Andrea"]
[Black "Puschmann, Laszlo"]
[Result "0-1"]
[WhiteElo "2165"]
[BlackElo "2285"]
[PlyCount "86"]
[EventDate "1999.09.??"]
[EventType "swiss"]
[EventRounds "7"]
[EventCountry "HUN"]
[SourceTitle "EXT 2000"]
[Source "ChessBase"]
[SourceDate "1999.11.16"]
[SourceVersion "1"]
[SourceVersionDate "1999.11.16"]
[SourceQuality "1"]

1. e4 c5 2. Nf3 Nc6 3. d4 cxd4 4. Nxd4 Nf6 5. Nc3 d6 6. Bc4 e6 7. Bb3 a6 8. Be3 Qc7 9. Qe2 Na5 10. 0-0-0 Nxb3+ 11. axb3 b5 12. f3 Be7 13. g4 Bb7 14. g5 Nd7 15. h4 b4 16. Na4 Nc5 17. h5 Nxa4 18. bxa4 Rc8 19. Rhg1 g6 20. hxg6 hxg6 21. Rh1 Rxh1 22. Rxh1 Qa5 23. Rh8+ Kd7 24. Rxc8 Kxc8 25. Qc4+ Kd7 26. Nb3 Qxa4 27. Qd4 Qb5 28. Kb1 e5 29. Qa7 Bd8 30. Nd2 a5 31. b3 Qa6 32. Nc4 Qxa7 33. Bxa7 Ke6 34. Bb8 d5 35. Nxe5 dxe4 36. f4 e3 37. Kc1 Be4 38. Nd3 Bb6 39. Kd1 Bf3+ 40. Ke1 Bd4 41. Be5 Bxe5 42. Nxe5 Be4 43. Nc4 Bxc2 0-1

[Event "San Marino op"]
[Site "San Marino"]
[Date "1998.??.??"]
[Round "3"]
[White "Magalotti, Andrea"]
[Black "Sulava, Nenad"]
[Result "1/2-1/2"]
[WhiteElo "2145"]
[BlackElo "2450"]
[PlyCount "116"]
[EventDate "1998.??.??"]
[EventType "swiss"]
[EventRounds "9"]
[EventCountry "SMR"]
[SourceTitle "EXT 2000"]
[Source "ChessBase"]
[SourceDate "1999.11.16"]
[SourceVersion "1"]
[SourceVersionDate "1999.11.16"]
[SourceQuality "1"]

1. e4 e6 2. d4 d5 3. Nd2 Nf6 4. e5 Ne4 5. Nxe4 dxe4 6. Be3 c5 7. dxc5 Nd7 8. f4 exf3 9. Nxf3 Bxc5 10. Bxc5 Nxc5 11. Qxd8+ Kxd8 12. 0-0-0+ Ke7 13. Be2 b6 14. Nd4 Bb7 15. Bf3 Rhc8 16. Rd2 a6 17. Rhd1 Ra7 18. Bxb7 Rxb7 19. Nf3 h6 20. Rd4 Nd7 21. b3 Rc5 22. Re4 Rbc7 23. Rd2 b5 24. Kb2 Nb6 25. Ne1 a5 26. a3 a4 27. g3 axb3 28. cxb3 Nd7 29. Rde2 Rd5 30. R4e3 g5 31. Nd3 Rc8 32. Rc2 Ra8 33. Nb4 Rd1 34. Rd3 Rxd3 35. Nxd3 Kd8 36. Rc6 Ra7 37. Rd6 Kc7 38. Rd4 Nb6 39. h4 Ra8 40. Nb4 gxh4 41. gxh4 Rg8 42. Rf4 Rg7 43. Kc3 Nd7 44. Kd4 Kb6 45. Nd3 Nb8 46. Nb4 h5 47. Ke4 Nd7 48. Nd3 Nf8 49. Rf6 Ng6 50. Nf4 Nxh4 51. Nxh5 Rg1 52. Rxf7 Re1+ 53. Kd3 Rxe5 54. Nf4 Kc5 55. Rf6 Kd6 56. Rxe6+ Rxe6 57. Nxe6 Kxe6 58. a4 bxa4 1/2-1/2

[Event "San Marino op"]
[Site "San Marino"]
[Date "1998.??.??"]
[Round "4"]
[White "Schaefer, Michael"]
[Black "Magalotti, Andrea"]
[Result "1/2-1/2"]
[WhiteElo "2210"]
[BlackElo "2145"]
[PlyCount "80"]
[EventDate "1998.??.??"]
[EventType "swiss"]
[EventRounds "9"]
[EventCountry "SMR"]
[SourceTitle "EXT 2000"]
[Source "ChessBase"]
[SourceDate "1999.11.16"]
[SourceVersion "1"]
[SourceVersionDate "1999.11.16"]
[SourceQuality "1"]

1. d4 Nf6 2. c4 c5 3. d5 e6 4. Nc3 exd5 5. cxd5 d6 6. e4 g6 7. f4 Bg7 8. Bb5+ Nfd7 9. a4 0-0 10. Nf3 Na6 11. 0-0 Nb4 12. Bd2 a6 13. Bc4 Re8 14. Be1 Nf6 15. Bh4 Bg4 16. Rc1 Qc7 17. h3 Bxf3 18. Qxf3 Rab8 19. e5 dxe5 20. fxe5 Rxe5 21. g4 Ne8 22. Ne4 Nxd5 23. Rcd1 Rxe4 24. Qxe4 Ndf6 25. Qf4 Qxf4 26. Rxf4 b5 27. axb5 axb5 28. Bxf7+ Kxf7 29. g5 Rb6 30. gxf6 Bxf6 31. Bxf6 Nxf6 32. b3 Ke7 33. Re1+ Kf7 34. Rc1 Rc6 35. Rb4 cxb4 36. Rxc6 Ne4 37. Rb6 Nd2 38. Rxb5 Nxb3 39. Rxb4 Nc5 40. Rb5 Nd7 1/2-1/2

[Event "ITA-chT UISP 18th"]
[Site "Montecatini Terme"]
[Date "1997.12.??"]
[Round "1"]
[White "Lepri, Livio"]
[Black "Magalotti, Andrea"]
[Result "1-0"]
[WhiteElo "2059"]
[BlackElo "2155"]
[PlyCount "149"]
[EventDate "1997.12.??"]
[EventType "team-tourn"]
[EventRounds "8"]
[EventCountry "ITA"]
[SourceTitle "EXT 2024"]
[Source "ChessBase"]
[SourceDate "2023.10.10"]
[SourceVersion "1"]
[SourceVersionDate "2023.10.10"]
[SourceQuality "1"]

1. c4 e5 2. Nc3 Nc6 3. Nf3 Nf6 4. g3 d5 5. cxd5 Nxd5 6. Bg2 Nb6 7. 0-0 Be7 8. d3 0-0 9. Be3 Be6 10. a3 f5 11. b4 Bf6 12. Rc1 Rf7 13. Na4 Nxa4 14. Qxa4 Bd5 15. b5 Nd4 16. Nxd4 Bxg2 17. Ne6 Qd5 18. Rc5 Qxe6 19. Kxg2 a6 20. Rfc1 Bd8 21. f3 Qe8 22. Bd2 Rc8 23. Qb3 axb5 24. Rxb5 b6 25. Qd5 c5 26. a4 Bc7 27. Qc4 Ra8 28. a5 bxa5 29. Rxc5 Ra7 30. Qd5 Qd7 31. Qxd7 Rxd7 32. Ra1 a4 33. Bc3 Re7 34. Rc4 a3 35. Bb4 Rd7 36. Rxa3 Rb7 37. Bc3 Kf7 38. Ra6 Bd6 39. Rcc6 Ke7 40. Bxe5 Bxe5 41. Re6+ Kf7 42. Rxe5 g6 43. Kf2 Rb2 44. Ke3 Rc7 45. f4 Kg7 46. Rd6 Ra2 47. Kf3 Rb2 48. h4 Rf7 49. Rde6 Kh6 50. Re7 Rb7 51. Rxf7 Rxf7 52. d4 Ra7 53. d5 Ra1 54. Re7 Rd1 55. Rd7 Rd4 56. Ke3 Rd1 57. d6 Rd5 58. Kf2 Rd1 59. g4 fxg4 60. e4 Rd3 61. e5 g3+ 62. Kg2 Kh5 63. Rc7 Kg4 64. Rc2 Kf5 65. Re2 Ke6 66. Re1 h5 67. Rf1 Kf5 68. Rf3 Rd2+ 69. Kxg3 Rd4 70. Kf2 Rd2+ 71. Ke3 Ra2 72. Rf2 Ra3+ 73. Kd4 Ra1 74. Kd5 Rd1+ 75. Kc6 1-0

[Event "Senigallia op 1st"]
[Site "Senigallia"]
[Date "1996.05.26"]
[Round "9"]
[White "Magalotti, Andrea"]
[Black "Miele, Rosario"]
[Result "1-0"]
[WhiteElo "2085"]
[BlackElo "1585"]
[PlyCount "59"]
[EventDate "1996.05.19"]
[EventType "swiss"]
[EventRounds "9"]
[EventCountry "ITA"]
[SourceTitle "EXT 2023"]
[Source "ChessBase"]
[SourceDate "2022.10.05"]
[SourceVersion "1"]
[SourceVersionDate "2022.10.05"]
[SourceQuality "1"]

1. e4 e5 2. Nf3 Nc6 3. Bb5 a6 4. Ba4 Nf6 5. 0-0 b5 6. Bb3 Be7 7. Re1 0-0 8. c3 d5 9. exd5 e4 10. dxc6 exf3 11. d4 Re8 12. Qxf3 Bg4 13. Qd3 Bd6 14. Be3 Ne4 15. g3 Qf6 16. Nd2 Bf5 17. Nxe4 Bxe4 18. Qe2 Bf3 19. Qf1 Re6 20. d5 Re5 21. Bd4 Rxe1 22. Rxe1 Qf5 23. c4 h5 24. c5 Bf8 25. Re5 Qg6 26. Re3 Qg4 27. Qd3 h4 28. Rxf3 Re8 29. Re3 hxg3 30. hxg3 1-0

[Event "Senigallia op 1st"]
[Site "Senigallia"]
[Date "1996.05.25"]
[Round "8"]
[White "Mrdja, Milan"]
[Black "Magalotti, Andrea"]
[Result "1-0"]
[WhiteElo "2450"]
[BlackElo "2085"]
[PlyCount "69"]
[EventDate "1996.05.19"]
[EventType "swiss"]
[EventRounds "9"]
[EventCountry "ITA"]
[SourceTitle "EXT 2023"]
[Source "ChessBase"]
[SourceDate "2022.10.05"]
[SourceVersion "1"]
[SourceVersionDate "2022.10.05"]
[SourceQuality "1"]

1. e4 e5 2. Nf3 Nc6 3. Bb5 a6 4. Ba4 Nf6 5. 0-0 b5 6. Bb3 Be7 7. Re1 d6 8. c3 0-0 9. h3 Re8 10. d4 Bb7 11. Nbd2 Bf8 12. a3 g6 13. Ba2 Bg7 14. b4 exd4 15. cxd4 d5 16. e5 Ne4 17. Nxe4 dxe4 18. Ng5 Re7 19. Be3 Qc8 20. Rc1 Nd8 21. Qc2 Ne6 22. Nxe4 a5 23. d5 Nf8 24. f4 axb4 25. axb4 Qf5 26. Bb3 Ra3 27. g4 Qc8 28. Nc5 Qb8 29. Nxb7 Qxb7 30. Qb2 Ra8 31. g5 Nd7 32. Qf2 Ra3 33. Rc3 Nb8 34. Bc5 Re8 35. d6 1-0

[Event "Senigallia op 1st"]
[Site "Senigallia"]
[Date "1996.05.24"]
[Round "7"]
[White "Djuric, Stefan"]
[Black "Magalotti, Andrea"]
[Result "1-0"]
[WhiteElo "2515"]
[BlackElo "2085"]
[PlyCount "51"]
[EventDate "1996.05.19"]
[EventType "swiss"]
[EventRounds "9"]
[EventCountry "ITA"]
[SourceTitle "EXT 2023"]
[Source "ChessBase"]
[SourceDate "2022.10.05"]
[SourceVersion "1"]
[SourceVersionDate "2022.10.05"]
[SourceQuality "1"]

1. e4 c5 2. Nf3 Nc6 3. Bb5 g6 4. 0-0 Bg7 5. c3 Nf6 6. Re1 0-0 7. h3 a6 8. Bxc6 bxc6 9. d4 cxd4 10. cxd4 d5 11. e5 Ne4 12. Nbd2 Nxd2 13. Bxd2 Qb6 14. Re3 a5 15. Rb3 Qa6 16. Qc1 a4 17. Rc3 Bd7 18. Bh6 Rfb8 19. Bxg7 Kxg7 20. Qg5 Re8 21. Re1 Rab8 22. e6 Bxe6 23. Rxe6 fxe6 24. Qe5+ Kh6 25. Ng5 Rg8 26. Nf7# 1-0

[Event "Senigallia op 1st"]
[Site "Senigallia"]
[Date "1996.05.21"]
[Round "3"]
[White "Bussoli, Sauro"]
[Black "Magalotti, Andrea"]
[Result "0-1"]
[WhiteElo "1672"]
[BlackElo "2085"]
[PlyCount "60"]
[EventDate "1996.05.19"]
[EventType "swiss"]
[EventRounds "9"]
[EventCountry "ITA"]
[SourceTitle "EXT 2023"]
[Source "ChessBase"]
[SourceDate "2022.10.05"]
[SourceVersion "1"]
[SourceVersionDate "2022.10.05"]
[SourceQuality "1"]

1. d4 Nf6 2. c4 g6 3. Nc3 Bg7 4. g3 0-0 5. Bg2 d6 6. Nf3 Nc6 7. 0-0 a6 8. b3 Rb8 9. Bb2 Qe8 10. d5 Nd8 11. Qd2 e5 12. e4 Nh5 13. Ne1 f5 14. f3 Nf7 15. Nd3 Bh6 16. Qe2 Qe7 17. b4 Bd7 18. Kh1 f4 19. gxf4 Bxf4 20. Nxf4 Nxf4 21. Qd2 Ng5 22. Rf2 Nxg2 23. Kxg2 Bh3+ 24. Kh1 Rxf3 25. Rxf3 Nxf3 26. Qe3 Rf8 27. Qh6 Nh4 28. Rg1 Qf6 29. Qe3 Qf2 30. Ne2 Bg2+ 0-1

[Event "Bratto op 16th"]
[Site "Bratto"]
[Date "1996.??.??"]
[Round "2"]
[White "Magalotti, Andrea"]
[Black "Belakovskaia, Anjelina"]
[Result "0-1"]
[WhiteElo "2085"]
[BlackElo "2315"]
[PlyCount "112"]
[EventDate "1996.??.??"]
[EventType "swiss"]
[EventRounds "9"]
[EventCountry "ITA"]
[SourceTitle "EXT 2000"]
[Source "ChessBase"]
[SourceDate "1999.11.16"]
[SourceVersion "1"]
[SourceVersionDate "1999.11.16"]
[SourceQuality "1"]

1. c4 Nf6 2. Nc3 g6 3. g3 Bg7 4. Bg2 c5 5. Nf3 Nc6 6. d4 cxd4 7. Nxd4 0-0 8. 0-0 Nh5 9. Nc2 d6 10. e4 Be6 11. Nd5 Qd7 12. Re1 Bg4 13. f3 Bh3 14. Bh1 Ne5 15. Nce3 e6 16. Nc3 Qc6 17. Qb3 Rac8 18. f4 Nxc4 19. e5 d5 20. Nxc4 Qxc4 21. Qxb7 Rc7 22. Qb5 f6 23. Qxc4 Rxc4 24. Nxd5 fxe5 25. Ne3 Rc7 26. fxe5 Bxe5 27. Bg2 Bxg2 28. Kxg2 Bd4 29. Re2 Rfc8 30. Bd2 Bxb2 31. Rf1 Bc3 32. Bxc3 Rxc3 33. Ng4 Rc2 34. Rff2 Rxe2 35. Rxe2 Kf7 36. Ne5+ Ke7 37. Rb2 Rc7 38. Kh3 Nf6 39. Kh4 Kd6 40. Nf3 Rc4+ 41. Kg5 Ng8 42. Rb8 Rc5+ 43. Kf4 Nf6 44. Rd8+ Ke7 45. Rd2 g5+ 46. Ke3 g4 47. Nd4 e5 48. Ne2 Nd5+ 49. Kd3 Ke6 50. Rb2 Nb6 51. Rb4 Kf5 52. Rb3 Rd5+ 53. Ke3 Nc4+ 54. Kf2 Rd2 55. Rc3 Nd6 56. Rc7 Nb5 0-1

[Event "Bratto op 16th"]
[Site "Bratto"]
[Date "1996.??.??"]
[Round "4"]
[White "Magalotti, Andrea"]
[Black "Hugony, Fabrizio"]
[Result "1/2-1/2"]
[WhiteElo "2085"]
[BlackElo "2270"]
[PlyCount "90"]
[EventDate "1996.??.??"]
[EventType "swiss"]
[EventRounds "9"]
[EventCountry "ITA"]
[SourceTitle "EXT 2000"]
[Source "ChessBase"]
[SourceDate "1999.11.16"]
[SourceVersion "1"]
[SourceVersionDate "1999.11.16"]
[SourceQuality "1"]

1. e4 c5 2. Nf3 d6 3. d4 cxd4 4. Nxd4 Nf6 5. Nc3 g6 6. Be3 Bg7 7. f3 0-0 8. Bc4 Nc6 9. Qd2 Bd7 10. Bb3 Ne5 11. 0-0-0 Rc8 12. g4 Nc4 13. Bxc4 Rxc4 14. h4 b5 15. h5 b4 16. Nd5 e6 17. Nxb4 Qa5 18. a3 Rfc8 19. Kb1 Qc7 20. Rh2 a5 21. Nd3 e5 22. Nb3 Ra8 23. hxg6 fxg6 24. Nxe5 dxe5 25. g5 Be6 26. gxf6 Bxf6 27. Qd6 Qf7 28. Nc5 Rd8 29. Qxd8+ Bxd8 30. Rxd8+ Kg7 31. Rd6 Rxc5 32. Bxc5 Qxf3 33. b3 Bg4 34. Rc6 Qxe4 35. Rc7+ Kf6 36. Rhxh7 Be6 37. Kb2 a4 38. bxa4 Qxa4 39. Bb4 Qb5 40. Rb7 Qc4 41. Rbc7 Qa2+ 42. Kc1 Qa1+ 43. Kd2 Qd4+ 44. Kc1 Qa1+ 45. Kd2 Qd4+ 1/2-1/2

[Event "Bratto op 16th"]
[Site "Bratto"]
[Date "1996.??.??"]
[Round "1"]
[White "Magalotti, Andrea"]
[Black "Nurkic, Sahbaz"]
[Result "1-0"]
[WhiteElo "2085"]
[BlackElo "2365"]
[PlyCount "91"]
[EventDate "1996.??.??"]
[EventType "swiss"]
[EventRounds "9"]
[EventCountry "ITA"]
[SourceTitle "EXT 2000"]
[Source "ChessBase"]
[SourceDate "1999.11.16"]
[SourceVersion "1"]
[SourceVersionDate "1999.11.16"]
[SourceQuality "1"]

1. e4 g6 2. d4 Bg7 3. Nf3 c6 4. c4 d6 5. Nc3 Nd7 6. Be2 Qc7 7. 0-0 e5 8. dxe5 dxe5 9. b3 Ngf6 10. Ba3 Bf8 11. Qc1 Nc5 12. Re1 Be7 13. h3 0-0 14. Qe3 b6 15. Rac1 a5 16. Bb2 Nfd7 17. Bf1 f6 18. g3 a4 19. b4 a3 20. Ba1 Ne6 21. Nd5 cxd5 22. cxd5 Nec5 23. bxc5 Bxc5 24. Qh6 Qd6 25. Bc4 Ba6 26. Nd2 b5 27. Bb3 Rac8 28. Nf1 Nb6 29. Ne3 Nc4 30. Ng4 Rc7 31. Kg2 Bc8 32. Bxc4 bxc4 33. Rxc4 Ba6 34. Rcc1 Bb7 35. f4 Bd4 36. fxe5 fxe5 37. Bxd4 exd4 38. Rxc7 Qxc7 39. Qd2 h5 40. Nh2 Qb6 41. Nf3 d3 42. Qxd3 Qb2+ 43. Re2 Qb6 44. Qxa3 Ba6 45. Qe3 Qb5 46. Rf2 1-0

[Event "ITA-chT UISP"]
[Site "Montecatini Terme"]
[Date "1996.??.??"]
[Round "6"]
[White "Mileto, Gabriele"]
[Black "Magalotti, Andrea"]
[Result "0-1"]
[WhiteElo "2210"]
[BlackElo "2085"]
[PlyCount "98"]
[EventDate "1996.??.??"]
[EventType "team"]
[EventRounds "9"]
[EventCountry "ITA"]
[SourceTitle "EXT 2001"]
[Source "ChessBase"]
[SourceDate "2000.11.22"]
[SourceVersion "1"]
[SourceVersionDate "2000.11.22"]
[SourceQuality "1"]

1. d4 Nf6 2. Nf3 g6 3. c4 Bg7 4. Nc3 0-0 5. e4 d6 6. Be3 e5 7. Be2 Ng4 8. Bg5 f6 9. Bh4 Nc6 10. d5 Ne7 11. Nd2 Nh6 12. f3 Nf7 13. b4 f5 14. c5 g5 15. Bf2 f4 16. Rc1 Bd7 17. Nc4 h5 18. a4 Kh7 19. a5 Rg8 20. b5 dxc5 21. Bxc5 Nc8 22. Qb3 Bf8 23. Bf2 Ncd6 24. h3 b6 25. Ra1 Nxc4 26. Bxc4 Bd6 27. Ra2 Qe7 28. Ke2 Raf8 29. Nb1 Rg6 30. axb6 axb6 31. Ra7 Kg7 32. Qd1 Rh8 33. Qf1 Rgh6 34. Kd1 Qe8 35. Nc3 g4 36. hxg4 hxg4 37. Rxh6 Rxh6 38. Be2 Qh8 39. Na4 Rh1 40. Bg1 Ng5 41. Kc2 Qb8 42. Ra6 Kf7 43. fxg4 Nxe4 44. g3 Nxg3 45. Qg2 Qh8 46. Nc3 e4 47. Nxe4 Nxe4 48. Qxe4 Rxg1 49. Bd3 Rxg4 0-1

[Event "Bratto op 16th"]
[Site "Bratto"]
[Date "1996.??.??"]
[Round "7"]
[White "Salami, Marco"]
[Black "Magalotti, Andrea"]
[Result "1-0"]
[WhiteElo "2245"]
[BlackElo "2085"]
[PlyCount "69"]
[EventDate "1996.??.??"]
[EventType "swiss"]
[EventRounds "9"]
[EventCountry "ITA"]
[SourceTitle "EXT 2000"]
[Source "ChessBase"]
[SourceDate "1999.11.16"]
[SourceVersion "1"]
[SourceVersionDate "1999.11.16"]
[SourceQuality "1"]

1. e4 e5 2. f4 d5 3. exd5 exf4 4. Nf3 Nf6 5. Bc4 Nxd5 6. 0-0 Be7 7. Qe2 Be6 8. Bb3 0-0 9. c4 Nb6 10. d4 Bf6 11. d5 Bg4 12. Bxf4 N8d7 13. Nc3 Nc5 14. Bc2 Re8 15. Qf2 Qe7 16. Rae1 Qf8 17. Be3 Nbd7 18. Ng5 Bxg5 19. Bxg5 Rxe1 20. Qxe1 Bh5 21. Qh4 Bg6 22. Bxg6 hxg6 23. Be7 Qc8 24. Qf2 Nd3 25. Qxf7+ Kh7 26. Ne4 N7e5 27. Ng5+ Kh8 28. Qe6 Qxe6 29. dxe6 Nxc4 30. Nf7+ Kg8 31. Bd8 Kf8 32. e7+ Ke8 33. Ne5 Rxd8 34. exd8Q+ Kxd8 35. Nxd3 1-0